| 000 | 00992cam a2200289 i 4500 | ||
|---|---|---|---|
| 001 | bg | ||
| 003 | KOSZ 005 | ||
| 005 | 20200630132824.0 | ||
| 008 | 950810s1968 pl a f f 000 0 pol d | ||
| 040 |
_cKOSZ 005/HR _aKOSZ 005/HR _dKOSZ 005/HR |
||
| 080 | _a539.3/.6 | ||
| 080 | _a620.1 | ||
| 080 | _a(076) | ||
| 100 | 1 |
_aLisowski, Aleksander _d(1919-1976) _eAutor |
|
| 245 | 0 |
_aZadania z wytrzymałości materiałów / _cAleksander Lisowski, Adam Siemieniec. |
|
| 250 | _aWyd. 3. | ||
| 260 |
_aWarszawa : _bPaństwowe Wydawnictwo Naukowe, _c1968. |
||
| 300 |
_a364 s. : _bil., _c24 cm. |
||
| 380 | _aKsiążki | ||
| 504 | _aBibliogr. s. 362. | ||
| 655 | 4 | _aĆwiczenia i zadania | |
| 650 | 4 | _aWytrzymałość materiałów | |
| 700 | 1 |
_aSiemieniec, Adam _d(1929-2011) _eAutor |
|
| 710 | 2 |
_aPaństwowe Wydawnictwo Naukowe _4pbl. |
|
| 856 |
_uhttp://koha.tu.koszalin.pl/cgi-bin/koha/opac-detail.pl?biblionumber=11481 _yKatalog online BPK |
||
| 942 |
_cKS _2UKD |
||
| 999 |
_c11481 _d11481 |
||